Career life planning for Americans : (Запис № 478401)

МАРК-запис
000 -LEADER
fixed length control field 01603cam a2200361 i 4500
001 - CONTROL NUMBER
control field careerlifeplanni00mont
003 - CONTROL NUMBER IDENTIFIER
control field CaSfIA
005 - DATE AND TIME OF LATEST TRANSACTION
control field 20210117222704.0
007 - PHYSICAL DESCRIPTION FIXED FIELD--GENERAL INFORMATION
fixed length control field cr||||
008 - FIXED-LENGTH DATA ELEMENTS--GENERAL INFORMATION
fixed length control field 780302s1978 nyu b 000 0 eng
010 ## - LIBRARY OF CONGRESS CONTROL NUMBER
LC control number 78003415
040 ## - CATALOGING SOURCE
Original cataloging agency DLC
Transcribing agency DLC
Modifying agency BTCTA
-- LVB
-- CCV
-- NIALS
-- CaSfIA
020 ## - INTERNATIONAL STANDARD BOOK NUMBER
International Standard Book Number 0814454895 :
Terms of availability $17.95
020 ## - INTERNATIONAL STANDARD BOOK NUMBER
International Standard Book Number 9780814454893
035 ## - SYSTEM CONTROL NUMBER
System control number (OCoLC)3748928
043 ## - GEOGRAPHIC AREA CODE
Geographic area code n-us---
050 00 - LIBRARY OF CONGRESS CALL NUMBER
Classification number HF5382.5.U5
Item number M66
082 00 - DEWEY DECIMAL CLASSIFICATION NUMBER
Classification number 331.7/02
029 1# - (OCLC)
OCLC library identifier AU@
System control number 000001155016
100 1# - MAIN ENTRY--PERSONAL NAME
Personal name Montana, Patrick J.
245 10 - TITLE STATEMENT
Title Career life planning for Americans :
Medium [electronic resource]
Remainder of title agenda for organizations and individuals /
Statement of responsibility, etc Patrick J. Montana, Margaret V. Higginson.
260 ## - PUBLICATION, DISTRIBUTION, ETC. (IMPRINT)
Place of publication, distribution, etc New York :
Name of publisher, distributor, etc National Center for Career Life Planning,
Date of publication, distribution, etc c1978.
300 ## - PHYSICAL DESCRIPTION
Extent xvi, 204 p. ;
Dimensions 24 cm.
504 ## - BIBLIOGRAPHY, ETC. NOTE
Bibliography, etc Bibliography: p. 193-204.
506 ## - RESTRICTIONS ON ACCESS NOTE
Standardized terminology for access restriction Необхідна авторизація на https://archive.org/ (створення облікового запису безкоштовно)
506 ## - RESTRICTIONS ON ACCESS NOTE
Standardized terminology for access restriction Необхідна авторизація на https://openlibrary.org/ (створення облікового запису безкоштовно)
650 #0 - SUBJECT ADDED ENTRY--TOPICAL TERM
Topical term or geographic name as entry element Vocational guidance
Geographic subdivision United States.
650 #6 - SUBJECT ADDED ENTRY--TOPICAL TERM
Topical term or geographic name as entry element Orientation professionnelle
Geographic subdivision États-Unis.
700 1# - ADDED ENTRY--PERSONAL NAME
Personal name Higginson, M. Valliant,
Relator term joint author.
856 41 - ELECTRONIC LOCATION AND ACCESS
Uniform Resource Identifier <a href="http://www.archive.org/details/careerlifeplanni00mont">http://www.archive.org/details/careerlifeplanni00mont</a>
Public note Free eBook from the Internet Archive
856 42 - ELECTRONIC LOCATION AND ACCESS
Uniform Resource Identifier <a href="http://www.openlibrary.org/books/OL4716835M">http://www.openlibrary.org/books/OL4716835M</a>
Public note Additional information and access via Open Library
942 ## - ADDED ENTRY ELEMENTS (KOHA)
Koha item type ЕКнига

Немає доступних примірників.